000 00268nam a2200121 i 4500
001 bg
245 0 _aPodstawy budownictwa dla inżynierów.
260 _aWarszawa,
_c1984.
040 _cBPK
041 _apol
942 _cKS
008 s pl f |000 0 pol
999 _c3069
_d3069
856 _uhttp://koha.tu.koszalin.pl/cgi-bin/koha/opac-detail.pl?biblionumber=3069
_yKatalog online BPK